[Event "31st Klatovy C 2025"]
[Site "Klatovy CZE"]
[Date "2025.07.04"]
[Round "7.7"]
[White "Korsa, Jindrich"]
[Black "Titera, Libor"]
[Result "1-0"]
[WhiteElo "2021"]
[BlackElo "1844"]
[PlyCount "73"]
[EventDate "2025.06.28"]
[EventType "swiss"]
[EventRounds "9"]
[EventCountry "CZE"]

1. e4 {[%emt 16:18:21]} e6 {[%emt 0:04:56]} 2. d3 {[%emt 0:01:09]} b6 {[%emt 0:01:51]} 3. g3 {[%emt 0:00:38]} Bb7 {[%emt 0:00:08]} 4. Bg2 {[%emt 0:00:06]} c5 {[%emt 0:00:25]} 5. Nf3 {[%emt 0:02:25]} Qc7 {[%emt 0:00:22]} 6. Nc3 {[%emt 0:00:55]} a6 {[%emt 0:00:08]} 7. O-O {[%emt 0:00:28]} Be7 {[%emt 0:02:13]} 8. Bf4 {[%emt 0:02:50]} d6 {[%emt 0:00:30]} 9. Re1 {[%emt 0:02:55]} Nc6 {[%emt 0:07:53]} 10. Qd2 {[%emt 0:04:26]} h6 {[%emt 0:01:50]} 11. g4 {[%emt 0:04:04]} Nd4 {[%emt 0:06:32]} 12. Ne2 {[%emt 0:10:14]} e5 {[%emt 0:01:41]} 13. Be3 {[%emt 0:02:15]} Nf6 {[%emt 0:02:59]} 14. h3 {[%emt 0:02:15]} Nxe4 {[%emt 0:04:43]} 15. dxe4 {[%emt 0:00:38]} Bxe4 {[%emt 0:00:12]} 16. Bxd4 {[%emt 0:08:10]} cxd4 {[%emt 0:02:04]} 17. Nexd4 {[%emt 0:01:03]} Bb7 {[%emt 0:06:16]} 18. Nf5 {[%emt 0:00:52]} O-O {[%emt 0:00:37]} 19. Rad1 {[%emt 0:02:38]} Rad8 {[%emt 0:00:59]} 20. Qb4 {[%emt 0:00:57]} Rfe8 {[%emt 0:03:03]} 21. Rd2 {[%emt 0:04:23]} Bf8 {[%emt 0:00:47]} 22. Red1 {[%emt 0:02:15]} d5 {[%emt 0:01:35]} 23. Qb3 {[%emt 0:00:13]} g6 {[%emt 0:05:09]} 24. Ng3 {[%emt 0:01:47]} Bc5 {[%emt 0:04:08]} 25. c3 {[%emt 0:03:18]} e4 {[%emt 0:01:57]} 26. Nd4 {[%emt 0:01:14]} e3 {[%emt 0:02:49]} 27. Rd3 {[%emt 0:02:28]} Qf4 {[%emt 0:02:59]} 28. Rf1 {[%emt 0:11:45]} Bd6 {[%emt 0:09:44]} 29. Nde2 {[%emt 0:01:27]} exf2+ {[%emt 0:02:40]} 30. Rxf2 {[%emt 0:00:43]} Qg5 {[%emt 0:02:37]} 31. Ne4 {[%emt 0:03:31]} Rxe4 {[%emt 0:02:49]} 32. Bxe4 {[%emt 0:00:09]} Bc5 {[%emt 0:04:09]} 33. Nd4 {[%emt 0:00:39]} dxe4 {[%emt 0:01:40]} 34. Qxf7+ {[%emt 0:06:08]} Kh8 {[%emt 0:00:14]} 35. Ne6 {[%emt 0:11:44]} Bxf2+ {[%emt 0:08:52]} 36. Kxf2 {[%emt 0:00:28]} Rg8 {[%emt 0:03:29]} 37. Nxg5 {[%emt 0:00:11]} 1-0

[Event "31st Klatovy C 2025"]
[Site "Klatovy CZE"]
[Date "2025.07.04"]
[Round "7.9"]
[White "Skopec, Lubos"]
[Black "Pelikan, Jaromir"]
[Result "1/2-1/2"]
[WhiteElo "1905"]
[BlackElo "1876"]
[PlyCount "86"]
[EventDate "2025.06.28"]
[EventType "swiss"]
[EventRounds "9"]
[EventCountry "CZE"]

1. e4 c6 2. d4 d5 3. Nc3 dxe4 4. Nxe4 Nd7 5. Nf3 Ngf6 6. Nxf6+ Nxf6 7. h3 Bf5 8. c3 e6 9. Bd3 Bxd3 10. Qxd3 Bd6 11. O-O O-O 12. Be3 c5 13. Rad1 Qc7 14. dxc5 Bxc5 15. Bxc5 Qxc5 16. Rd2 h6 17. Rfd1 Rac8 18. Qd4 a6 19. Ne5 Qxd4 20. Rxd4 Rc7 21. Kf1 Rfc8 22. Rd8+ Ne8 23. Rxc8 Rxc8 24. Ke2 Kf8 25. Rd7 Rc7 26. Rxc7 Nxc7 27. c4 f6 28. Nf3 Ke7 29. Kd3 Kd6 30. b4 g5 31. Nd4 h5 32. g4 h4 33. Ke4 e5 34. c5+ Kd7 35. Ne2 Ke6 36. Nc3 Kf7 37. a4 Ne6 38. Ne2 Ke7 39. Kd5 Kd7 40. b5 Nc7+ 41. Kc4 Ne6 42. Kd5 Nc7+ 43. Kc4 Ne6 1/2-1/2

[Event "31st Klatovy C 2025"]
[Site "Klatovy CZE"]
[Date "2025.07.04"]
[Round "7.10"]
[White "Tvrdy, Jindrich"]
[Black "Novotny, Jaroslav 1956"]
[Result "0-1"]
[WhiteElo "1893"]
[BlackElo "1946"]
[PlyCount "94"]
[EventDate "2025.06.28"]
[EventType "swiss"]
[EventRounds "9"]
[EventCountry "CZE"]

1. Nf3 g6 2. g3 Bg7 3. Bg2 c5 4. c4 Nc6 5. Nc3 d6 6. d3 Nf6 7. O-O O-O 8. Nd5 e6 9. Nxf6+ Bxf6 10. Rb1 Bd7 11. Bh6 Re8 12. Qc1 Qe7 13. Bg5 Rad8 14. Bxf6 Qxf6 15. Qg5 Qg7 16. Rfe1 b6 17. a3 h6 18. Qd2 Ne7 19. b4 Bc6 20. Qb2 e5 21. Nh4 Bxg2 22. Nxg2 g5 23. e4 f5 24. f3 f4 25. g4 Kf7 26. b5 Rh8 27. Kf2 h5 28. Rh1 hxg4 29. fxg4 Rh3 30. Ne1 Rdh8 31. Nf3 Kf6 32. Rbg1 Ng6 33. Rg2 Qh6 34. Qe2 Ke7 35. Kg1 Rh7 36. Rf2 Kf6 37. Kf1 Qg7 38. Ng1 R3h6 39. h3 Qh8 40. Rfh2 Nh4 41. Nf3 Qc8 42. Nxh4 Rxh4 43. Kf2 a6 44. a4 axb5 45. axb5 Ra7 46. Kf3 Qa8 47. Rf1 Ra3 0-1

[Event "31st Klatovy C 2025"]
[Site "Klatovy CZE"]
[Date "2025.07.04"]
[Round "7.11"]
[White "Steiner, Juraj"]
[Black "Provaznik, Jan"]
[Result "1-0"]
[WhiteElo "1966"]
[BlackElo "1846"]
[PlyCount "59"]
[EventDate "2025.06.28"]
[EventType "swiss"]
[EventRounds "9"]
[EventCountry "CZE"]

1. c4 d6 2. d4 Nf6 3. Nc3 c6 4. Bg5 Bf5 5. Nf3 h6 6. Bxf6 exf6 7. e3 Be7 8. Bd3 Bg4 9. O-O Nd7 10. b4 a6 11. c5 d5 12. Qe2 f5 13. h3 Bxf3 14. Qxf3 g6 15. a4 Nf6 16. Qf4 Ne4 17. Bxe4 fxe4 18. f3 exf3 19. Rxf3 Rf8 20. Re1 Bg5 21. Qe5+ Be7 22. e4 dxe4 23. Rxe4 Kd7 24. d5 f6 25. dxc6+ Ke8 26. Qg3 Kf7 27. Rd3 Qc8 28. Rd7 Re8 29. Qd6 Qxc6 30. Rexe7+ 1-0

[Event "31st Klatovy C 2025"]
[Site "Klatovy CZE"]
[Date "2025.07.04"]
[Round "7.12"]
[White "Sedlak, Ludek"]
[Black "Truksa, Vaclav"]
[Result "1/2-1/2"]
[WhiteElo "1937"]
[BlackElo "1742"]
[PlyCount "75"]
[EventDate "2025.06.28"]
[EventType "swiss"]
[EventRounds "9"]
[EventCountry "CZE"]

1. e4 c5 2. Nc3 e6 3. g3 Nc6 4. Bg2 d6 5. d3 Nf6 6. Nh3 Be7 7. O-O O-O 8. f4 a6 9. Qe2 Qc7 10. g4 b5 11. g5 Nd4 12. Qd1 Ne8 13. Ne2 Bb7 14. c3 Nxe2+ 15. Qxe2 g6 16. Be3 Ng7 17. Nf2 Rad8 18. Ng4 f5 19. gxf6 Bxf6 20. Nh6+ Kh8 21. Bh3 Bc8 22. Rf3 e5 23. f5 gxf5 24. Nxf5 Nxf5 25. Bxf5 Bxf5 26. Rxf5 Rg8+ 27. Kh1 Rdf8 28. Raf1 Bg7 29. Qh5 Rxf5 30. Rxf5 Rf8 31. Kg2 c4 32. d4 Rxf5 33. Qxf5 Qd8 34. Bg5 Qf8 35. Qxf8+ Bxf8 36. d5 Kg7 37. Kf3 Kg6 38. Bd8 1/2-1/2

[Event "31st Klatovy C 2025"]
[Site "Klatovy CZE"]
[Date "2025.07.04"]
[Round "7.13"]
[White "Bazantova, Marie"]
[Black "Burianek, Petr"]
[Result "1-0"]
[WhiteElo "1854"]
[BlackElo "1901"]
[PlyCount "45"]
[EventDate "2025.06.28"]
[EventType "swiss"]
[EventRounds "9"]
[EventCountry "CZE"]

1. e4 e5 2. Bc4 Nf6 3. Nc3 Bb4 4. d3 d5 5. exd5 Nxd5 6. Bd2 Nxc3 7. bxc3 Bc5 8. Nf3 Nd7 9. O-O O-O 10. Re1 Qf6 11. Qe2 Bd6 12. Ng5 Nc5 13. d4 exd4 14. cxd4 Nd7 15. c3 Nb6 16. Ne4 Qg6 17. Nxd6 Qxd6 18. Bd3 Nd5 19. Qf3 c6 20. Rab1 b5 21. Re5 Bd7 22. Qg3 g6 23. Bh6 1-0

[Event "31st Klatovy C 2025"]
[Site "Klatovy CZE"]
[Date "2025.07.04"]
[Round "7.14"]
[White "Novak, Vaclav 1968"]
[Black "Zednik, Zdenek"]
[Result "0-1"]
[WhiteElo "1837"]
[BlackElo "1877"]
[PlyCount "120"]
[EventDate "2025.06.28"]
[EventType "swiss"]
[EventRounds "9"]
[EventCountry "CZE"]

1. e4 c5 2. Nf3 d6 3. Bb5+ Nd7 4. O-O a6 5. Be2 Ngf6 6. d3 g6 7. c3 Bg7 8. h3 O-O 9. Qc2 Qc7 10. b3 d5 11. Nbd2 b5 12. Bb2 Bb7 13. a4 Nh5 14. Rfe1 e6 15. axb5 axb5 16. Rxa8 Rxa8 17. Ra1 Rxa1+ 18. Bxa1 Qa5 19. Qb2 b4 20. e5 Nxe5 21. Nxe5 Bxe5 22. d4 bxc3 23. Qxc3 Qxc3 24. Bxc3 cxd4 25. Ba5 Nf4 26. Bb5 Bd6 27. Nf3 e5 28. g3 Ne6 29. b4 e4 30. Nd2 f5 31. Nb3 d3 32. Bd7 Ng5 33. h4 Nf3+ 34. Kf1 Kf8 35. Nc5 Bxc5 36. bxc5 Ba6 37. Ba4 d2+ 38. Kg2 Be2 39. c6 Ke7 40. c7 Ba6 41. Bb4+ Ke6 42. Ba5 d4 43. Bd1 Ne1+ 44. Kg1 e3 45. fxe3 dxe3 46. Be2 Bb7 47. Bb5 Nc2 48. Be2 Kd7 49. Bd1 Nd4 50. Kf1 Ba6+ 51. Kg2 Bb5 52. Bc3 e2 53. Bxe2 Bxe2 54. Bxd2 Kxc7 55. Kf2 Bg4 56. Ke3 Ne6 57. Bc3 Kc6 58. Bf6 Kd5 59. Bb2 Nc5 60. Bg7 Ne4 0-1

[Event "31st Klatovy C 2025"]
[Site "Klatovy CZE"]
[Date "2025.07.04"]
[Round "7.15"]
[White "Fiser, Jiri 1942"]
[Black "Kovar, Petr"]
[Result "1/2-1/2"]
[WhiteElo "1821"]
[BlackElo "1887"]
[PlyCount "49"]
[EventDate "2025.06.28"]
[EventType "swiss"]
[EventRounds "9"]
[EventCountry "CZE"]

1. e4 c5 2. Nf3 Nc6 3. d4 cxd4 4. Nxd4 Nf6 5. Nc3 d6 6. Be3 g6 7. f3 Bg7 8. Qd2 O-O 9. O-O-O d5 10. Qe1 e6 11. g4 e5 12. Nxc6 bxc6 13. g5 Nh5 14. exd5 cxd5 15. Nxd5 Bd7 16. h4 Kh8 17. Nf6 Bxf6 18. gxf6 Qc7 19. Bg5 Rfc8 20. Qf2 Be6 21. Bh3 Bxh3 22. Rxh3 Qc6 23. Rh2 Nxf6 24. Qe2 Qe6 25. Bxf6+ 1/2-1/2

[Event "31st Klatovy C 2025"]
[Site "Klatovy CZE"]
[Date "2025.07.04"]
[Round "7.16"]
[White "Slegl, Milan"]
[Black "Vavrinek, Tomas"]
[Result "0-1"]
[WhiteElo "1639"]
[BlackElo "1839"]
[PlyCount "82"]
[EventDate "2025.06.28"]
[EventType "swiss"]
[EventRounds "9"]
[EventCountry "CZE"]

1. d4 d5 2. c4 e6 3. Nc3 Nf6 4. Nf3 Be7 5. e3 O-O 6. Be2 b6 7. cxd5 exd5 8. O-O h6 9. Bd2 Bf5 10. Rc1 Nbd7 11. Na4 c5 12. b3 Bd6 13. Nh4 Bh7 14. g3 Rb8 15. Nc3 cxd4 16. exd4 Ba3 17. Rb1 Bxb1 18. Qxb1 Be7 19. Bf4 Rc8 20. Bd2 Bb4 21. Qb2 Re8 22. Bd3 Bxc3 23. Bxc3 Ne4 24. Be1 Qg5 25. f4 Qf6 26. Nf3 Qc6 27. Qg2 Nef6 28. Ne5 Qe6 29. Bd2 Nxe5 30. fxe5 Ne4 31. Be1 Rc7 32. Qf3 f6 33. Qh5 fxe5 34. Bb5 Ree7 35. Bb4 Rf7 36. Rxf7 Rxf7 37. dxe5 Rf5 38. Qh4 Qxe5 39. Be1 Qd4+ 40. Kg2 Qd1 41. Bd7 Qf3+ 0-1

[Event "31st Klatovy C 2025"]
[Site "Klatovy CZE"]
[Date "2025.07.04"]
[Round "7.18"]
[White "Halla, Jiri"]
[Black "Novy, Jaroslav"]
[Result "1/2-1/2"]
[WhiteElo "1843"]
[BlackElo "1744"]
[PlyCount "24"]
[EventDate "2025.06.28"]
[EventType "swiss"]
[EventRounds "9"]
[EventCountry "CZE"]

1. e4 c5 2. Nc3 e6 3. f4 d6 4. Nf3 Nc6 5. d4 cxd4 6. Nxd4 Nge7 7. Be3 Nxd4 8. Bxd4 Nc6 9. Bb5 a6 10. Bxc6+ bxc6 11. Qd2 c5 12. Be3 Be7 1/2-1/2

[Event "31st Klatovy C 2025"]
[Site "Klatovy CZE"]
[Date "2025.07.04"]
[Round "7.19"]
[White "Svec, Ludek"]
[Black "Cecil, Pavel"]
[Result "1/2-1/2"]
[WhiteElo "1755"]
[BlackElo "1820"]
[PlyCount "36"]
[EventDate "2025.06.28"]
[EventType "swiss"]
[EventRounds "9"]
[EventCountry "CZE"]

1. d4 Nf6 2. Nf3 d5 3. g3 e6 4. Bg2 Be7 5. c4 O-O 6. O-O b6 7. Nc3 Bb7 8. Ne5 c6 9. Qa4 Nfd7 10. Rd1 Nxe5 11. dxe5 Qc7 12. cxd5 cxd5 13. f4 Qd7 14. Qxd7 Nxd7 15. Be3 Ba6 16. Bd4 Rac8 17. Bf3 Rc7 18. e4 dxe4 1/2-1/2

[Event "31st Klatovy C 2025"]
[Site "Klatovy CZE"]
[Date "2025.07.04"]
[Round "7.20"]
[White "Dobsinsky, Petr"]
[Black "Navratilova, Alena"]
[Result "1/2-1/2"]
[WhiteElo "1460"]
[BlackElo "1755"]
[PlyCount "34"]
[EventDate "2025.06.28"]
[EventType "swiss"]
[EventRounds "9"]
[EventCountry "CZE"]

1. d4 d5 2. Nf3 Nf6 3. e3 g6 4. Bd3 Bg7 5. c3 O-O 6. Nbd2 Nbd7 7. e4 dxe4 8. Nxe4 Nxe4 9. Bxe4 Nf6 10. Bc2 Be6 11. O-O Qc8 12. Re1 Re8 13. Bb3 Bxb3 14. Qxb3 e6 15. Bg5 c6 16. Bxf6 Bxf6 17. Rad1 Rb8 1/2-1/2

[Event "31st Klatovy C 2025"]
[Site "Klatovy CZE"]
[Date "2025.07.04"]
[Round "7.21"]
[White "Malik, Zdenek"]
[Black "Macoun, Jiri"]
[Result "0-1"]
[WhiteElo "1715"]
[BlackElo "1747"]
[PlyCount "89"]
[EventDate "2025.06.28"]
[EventType "swiss"]
[EventRounds "9"]
[EventCountry "CZE"]

1. e4 e5 2. Nf3 Nc6 3. Bb5 Bc5 4. O-O d6 5. c3 a6 6. Ba4 b5 7. Bb3 Bg4 8. d3 h6 9. h3 Bh5 10. Nbd2 Qd7 11. Re1 Nf6 12. Nf1 O-O 13. Ng3 Bg6 14. d4 exd4 15. cxd4 Bb4 16. Bd2 Rfe8 17. d5 Bxd2 18. dxc6 Qxc6 19. Nxd2 a5 20. Rc1 Qb6 21. Bd5 Rad8 22. Rc6 Qa7 23. Qc2 Nxd5 24. a3 Re7 25. Rc1 Nb6 26. Rxc7 Rxc7 27. Qxc7 Rd7 28. Qc3 Na4 29. Qb3 Qb6 30. Rc8+ Kh7 31. Qc2 Nc5 32. b4 axb4 33. axb4 Ne6 34. Nf3 d5 35. Nh4 Nd4 36. Nxg6 Qxg6 37. Qc5 Qf6 38. Qf8 dxe4 39. Qh8+ Kg6 40. Qe8 Re7 41. Qd8 e3 42. fxe3 Rxe3 43. Qxf6+ Kxf6 44. Kf2 Rb3 45. Rc4 0-1

[Event "31st Klatovy C 2025"]
[Site "Klatovy CZE"]
[Date "2025.07.04"]
[Round "7.22"]
[White "Hanzlik, Jiri"]
[Black "Tomecek, Marian"]
[Result "1/2-1/2"]
[WhiteElo "1688"]
[BlackElo "1566"]
[PlyCount "60"]
[EventDate "2025.06.28"]
[EventType "swiss"]
[EventRounds "9"]
[EventCountry "CZE"]

1. c4 e5 2. Nc3 Nf6 3. e3 Be7 4. Be2 O-O 5. Nf3 Nc6 6. d4 exd4 7. Nxd4 Nxd4 8. Qxd4 c5 9. Qd1 d6 10. Nd5 Nxd5 11. Qxd5 Qb6 12. Rb1 Be6 13. Qd2 Rad8 14. O-O d5 15. cxd5 Bxd5 16. Qc2 Qc6 17. f3 b6 18. e4 Be6 19. a3 Qc7 20. Bd3 c4 21. Be2 f5 22. Be3 Bc5 23. Bxc5 Qxc5+ 24. Kh1 f4 25. Rbd1 b5 26. Qc3 h6 27. Rxd8 Rxd8 28. Bd1 Qd6 29. Bc2 a6 30. h3 Qe7 1/2-1/2

[Event "31st Klatovy C 2025"]
[Site "Klatovy CZE"]
[Date "2025.07.04"]
[Round "7.23"]
[White "Zimmermann, Ladislav"]
[Black "Stanke, Vilem"]
[Result "0-1"]
[WhiteElo "1517"]
[BlackElo "1540"]
[PlyCount "48"]
[EventDate "2025.06.28"]
[EventType "swiss"]
[EventRounds "9"]
[EventCountry "CZE"]

1. e4 e5 2. Nf3 Nc6 3. Bb5 a6 4. Ba4 Be7 5. O-O Nf6 6. Re1 b5 7. Bb3 O-O 8. c3 d6 9. d4 Bb7 10. Bc2 Qd7 11. b4 a5 12. Bd2 exd4 13. Bd3 dxc3 14. Bxc3 axb4 15. Bb2 Ba6 16. e5 dxe5 17. Bxe5 Nxe5 18. Nxe5 Qd6 19. Bc2 Qxd1 20. Bxd1 Bd6 21. Nc6 Rfe8 22. Rxe8+ Rxe8 23. g3 Bb7 24. Nd4 Re1# 0-1

[Event "31st Klatovy C 2025"]
[Site "Klatovy CZE"]
[Date "2025.07.05"]
[Round "8.2"]
[White "Turner, Radek"]
[Black "Andersen, Jorgen M"]
[Result "0-1"]
[WhiteElo "2031"]
[BlackElo "1928"]
[PlyCount "104"]
[EventDate "2025.06.28"]
[EventType "swiss"]
[EventRounds "9"]
[EventCountry "CZE"]

1. c4 {[%emt 0:00:04]} c5 {[%emt 0:00:07]} 2. g3 {[%emt 0:00:05]} Nc6 {[%emt 0:00:07]} 3. Bg2 {[%emt 0:00:07]} d6 {[%emt 0:02:02]} 4. Nf3 {[%emt 0:04:16]} e5 {[%emt 0:01:34]} 5. Nc3 {[%emt 0:00:16]} g6 {[%emt 0:01:37]} 6. O-O {[%emt 0:00:29]} Bg7 {[%emt 0:00:04]} 7. a3 {[%emt 0:00:13]} Nge7 {[%emt 0:01:01]} 8. Rb1 {[%emt 0:00:26]} a5 {[%emt 0:03:36]} 9. d3 {[%emt 0:00:35]} O-O {[%emt 0:00:44]} 10. Bg5 {[%emt 0:00:32]} h6 {[%emt 0:00:50]} 11. Bd2 {[%emt 0:00:11]} Be6 {[%emt 0:00:49]} 12. Ne1 {[%emt 0:00:15]} Rb8 {[%emt 0:07:09]} 13. Nc2 {[%emt 0:00:14]} f5 {[%emt 0:02:04]} 14. Ne3 {[%emt 0:07:24]} g5 {[%emt 0:08:07]} 15. Ned5 {[%emt 0:00:29]} b6 {[%emt 0:03:55]} 16. Nxe7+ {[%emt 0:01:29]} Nxe7 {[%emt 0:00:09]} 17. b4 {[%emt 0:02:46]} cxb4 {[%emt 0:09:51]} 18. axb4 {[%emt 0:00:24]} d5 {[%emt 0:00:39]} 19. cxd5 {[%emt 0:01:15]} Nxd5 {[%emt 0:00:16]} 20. bxa5 {[%emt 0:02:11]} e4 {[%emt 0:04:38]} 21. Nxd5 {[%emt 0:01:38]} Bxd5 {[%emt 0:00:25]} 22. dxe4 {[%emt 0:01:21]} fxe4 {[%emt 0:02:02]} 23. Rxb6 {[%emt 0:01:51]} Rxb6 {[%emt 0:00:37]} 24. axb6 {[%emt 0:00:26]} Qxb6 {[%emt 0:03:17]} 25. Be3 {[%emt 0:03:47]} Qe6 {[%emt 0:02:37]} 26. Qb1 {[%emt 0:05:35]} Ra8 {[%emt 0:01:00]} 27. Rd1 {[%emt 0:11:41]} Ra2 {[%emt 0:03:47]} 28. Qb8+ {[%emt 0:04:34]} Kh7 {[%emt 0:00:21]} 29. Qc7 {[%emt 0:00:23]} Kg6 {[%emt 0:02:48]} 30. h3 {[%emt 0:04:25]} Ra1 {[%emt 0:02:04]} 31. Rxa1 {[%emt 0:08:07]} Bxa1 {[%emt 0:00:09]} 32. Qc1 {[%emt 0:01:36]} Be5 {[%emt 0:00:33]} 33. Qb1 {[%emt 0:01:14]} Bc7 {[%emt 0:02:35]} 34. Bd4 {[%emt 0:00:43]} Kf7 {[%emt 0:01:27]} 35. Qc1 {[%emt 0:02:39]} Be5 {[%emt 0:03:25]} 36. Be3 {[%emt 0:02:00]} Bd6 {[%emt 0:00:44]} 37. Qa1 {[%emt 0:01:37]} Be5 {[%emt 0:04:42]} 38. Qa4 {[%emt 0:01:34]} Bd6 {[%emt 0:01:08]} 39. Bd4 {[%emt 0:02:30]} Be5 {[%emt 0:02:07]} 40. Qa7+ {[%emt 0:00:54]} Kg6 {[%emt 0:00:43]} 41. Be3 {[%emt 0:04:46]} Bd6 {[%emt 0:02:05]} 42. Qd4 {[%emt 0:00:37]} Be7 {[%emt 0:00:55]} 43. Qd2 {[%emt 0:01:24]} Bd6 {[%emt 0:00:56]} 44. h4 {[%emt 0:04:28]} gxh4 {[%emt 0:05:47]} 45. Bxh6 {[%emt 0:01:32]} hxg3 {[%emt 0:15:27]} 46. Qg5+ {[%emt 0:01:27]} Kf7 {[%emt 0:00:03]} 47. fxg3 {[%emt 0:00:59]} Be5 {[%emt 0:02:09]} 48. Qh5+ {[%emt 0:01:02]} Ke7 {[%emt 0:04:20]} 49. Bh3 {[%emt 0:01:13]} Qb6+ {[%emt 0:00:51]} 50. Kh2 {[%emt 0:00:33]} Qf2+ {[%emt 0:00:12]} 51. Bg2 {[%emt 0:03:30]} Bxg3+ {[%emt 0:01:48]} 52. Kh3 {[%emt 0:00:50]} Be6+ {[%emt 0:00:05]} 0-1

[Event "31st Klatovy C 2025"]
[Site "Klatovy CZE"]
[Date "2025.07.05"]
[Round "8.3"]
[White "Ondrejat, Miroslav"]
[Black "Kaderabek, Jiri"]
[Result "0-1"]
[WhiteElo "2012"]
[BlackElo "2045"]
[PlyCount "58"]
[EventDate "2025.06.28"]
[EventType "swiss"]
[EventRounds "9"]
[EventCountry "CZE"]

1. e4 {[%emt 0:00:01]} c5 {[%emt 0:00:04]} 2. Nf3 {[%emt 0:01:20]} e6 {[%emt 0:00:08]} 3. d4 {[%emt 0:00:06]} cxd4 {[%emt 0:00:04]} 4. Nxd4 {[%emt 0:00:02]} Nc6 {[%emt 0:00:03]} 5. Be3 {[%emt 0:03:37]} Nf6 {[%emt 0:01:25]} 6. Nc3 {[%emt 0:00:38]} Bb4 {[%emt 0:04:30]} 7. Nxc6 {[%emt 0:05:29]} bxc6 {[%emt 0:01:31]} 8. a3 {[%emt 0:02:54]} Bxc3+ {[%emt 0:01:48]} 9. bxc3 {[%emt 0:00:06]} Qa5 {[%emt 0:01:25]} 10. Bd3 {[%emt 0:02:49]} d5 {[%emt 0:14:19]} 11. Bd4 {[%emt 0:23:26]} dxe4 {[%emt 0:03:10]} 12. Bxf6 {[%emt 0:04:06]} gxf6 {[%emt 0:00:43]} 13. Bxe4 {[%emt 0:03:45]} Qxc3+ {[%emt 0:00:30]} 14. Kf1 {[%emt 0:00:02]} Ba6+ {[%emt 0:02:24]} 15. Kg1 {[%emt 0:00:34]} Ke7 {[%emt 0:07:40]} 16. h4 {[%emt 0:04:41]} Rhd8 {[%emt 0:03:18]} 17. Qc1 {[%emt 0:01:47]} Rd2 {[%emt 0:08:02]} 18. Rh3 {[%emt 0:10:36]} Qd4 {[%emt 0:03:40]} 19. Re3 {[%emt 0:01:07]} Rb8 {[%emt 0:12:37]} 20. Bxc6 {[%emt 0:07:12]} f5 {[%emt 0:06:18]} 21. c3 {[%emt 0:04:56]} Qd6 {[%emt 0:01:08]} 22. Bf3 {[%emt 0:03:19]} Rbb2 {[%emt 0:09:03]} 23. Re1 {[%emt 0:12:02]} Qc5 {[%emt 0:01:47]} 24. Kh2 {[%emt 0:01:12]} Qxf2 {[%emt 0:04:49]} 25. Rd1 {[%emt 0:01:17]} Qxh4+ {[%emt 0:01:31]} 26. Kg1 {[%emt 0:00:06]} Qf2+ {[%emt 0:00:54]} 27. Kh1 {[%emt 0:01:35]} Qh4+ {[%emt 0:00:59]} 28. Kg1 {[%emt 0:00:06]} Rxg2+ {[%emt 0:00:06]} 29. Bxg2 {[%emt 0:00:33]} Qf2+ {[%emt 0:00:06]} 0-1

[Event "31st Klatovy C 2025"]
[Site "Klatovy CZE"]
[Date "2025.07.05"]
[Round "8.4"]
[White "Danek, Vaclav"]
[Black "Pribyl, Rene"]
[Result "0-1"]
[WhiteElo "1904"]
[BlackElo "1905"]
[PlyCount "50"]
[EventDate "2025.06.28"]
[EventType "swiss"]
[EventRounds "9"]
[EventCountry "CZE"]

1. Nf3 {[%emt 0:00:02]} d5 {[%emt 0:00:14]} 2. d3 {[%emt 0:00:47]} Nf6 {[%emt 0:00:17]} 3. g3 {[%emt 0:00:10]} c6 {[%emt 0:02:06]} 4. Bg2 {[%emt 0:00:13]} g6 {[%emt 0:00:24]} 5. Nbd2 {[%emt 0:00:08]} Bg7 {[%emt 0:00:14]} 6. e4 {[%emt 0:00:10]} dxe4 {[%emt 0:01:11]} 7. dxe4 {[%emt 0:00:07]} O-O {[%emt 0:00:16]} 8. O-O {[%emt 0:01:28]} Nbd7 {[%emt 0:05:16]} 9. Qe2 {[%emt 0:00:21]} e5 {[%emt 0:00:38]} 10. b3 {[%emt 0:00:23]} Qc7 {[%emt 0:00:43]} 11. Rd1 {[%emt 0:00:34]} b6 {[%emt 0:01:16]} 12. a4 {[%emt 0:00:28]} a5 {[%emt 0:00:47]} 13. Ne1 {[%emt 0:04:09]} Ba6 {[%emt 0:07:16]} 14. Qe3 {[%emt 0:02:26]} Rfe8 {[%emt 0:04:54]} 15. Ba3 {[%emt 0:00:55]} Rad8 {[%emt 0:01:19]} 16. c4 {[%emt 0:00:48]} c5 {[%emt 0:01:41]} 17. Nf1 {[%emt 0:01:12]} Nb8 {[%emt 0:01:10]} 18. Bb2 {[%emt 0:01:22]} Nc6 {[%emt 0:00:40]} 19. f4 {[%emt 0:01:13]} exf4 {[%emt 0:02:16]} 20. gxf4 {[%emt 0:03:16]} Ng4 {[%emt 0:01:25]} 21. Qe2 {[%emt 0:03:34]} Bxb2 {[%emt 0:04:38]} 22. Qxb2 {[%emt 0:00:04]} Qxf4 {[%emt 0:00:17]} 23. Rd5 {[%emt 0:03:04]} Nd4 {[%emt 0:02:30]} 24. Nd3 {[%emt 0:02:28]} Qf6 {[%emt 0:02:40]} 25. Re1 {[%emt 0:03:22]} Rxd5 {[%emt 0:02:25]} 0-1

[Event "31st Klatovy C 2025"]
[Site "Klatovy CZE"]
[Date "2025.07.05"]
[Round "8.5"]
[White "Zidu, Jan"]
[Black "Korsa, Jindrich"]
[Result "0-1"]
[WhiteElo "1922"]
[BlackElo "2021"]
[PlyCount "78"]
[EventDate "2025.06.28"]
[EventType "swiss"]
[EventRounds "9"]
[EventCountry "CZE"]

1. d4 {[%emt 0:00:03]} f5 {[%emt 0:00:20]} 2. Bg5 {[%emt 0:00:24]} h6 {[%emt 0:00:21]} 3. Bh4 {[%emt 0:00:02]} g5 {[%emt 0:00:10]} 4. e3 {[%emt 0:00:14]} Nf6 {[%emt 0:00:31]} 5. Bg3 {[%emt 0:00:10]} d6 {[%emt 0:00:25]} 6. Nc3 {[%emt 0:00:50]} Bg7 {[%emt 0:01:22]} 7. h4 {[%emt 0:00:18]} g4 {[%emt 0:01:40]} 8. Nge2 {[%emt 0:01:04]} Nh5 {[%emt 0:04:33]} 9. Nf4 {[%emt 0:00:06]} Nxf4 {[%emt 0:00:24]} 10. Bxf4 {[%emt 0:00:02]} c5 {[%emt 0:04:02]} 11. d5 {[%emt 0:11:40]} Nd7 {[%emt 0:04:29]} 12. Qd2 {[%emt 0:09:16]} Qa5 {[%emt 0:02:55]} 13. Nb5 {[%emt 0:14:57]} Qxd2+ {[%emt 0:09:21]} 14. Kxd2 {[%emt 0:00:01]} Kd8 {[%emt 0:00:11]} 15. Nc3 {[%emt 0:05:04]} a6 {[%emt 0:01:05]} 16. g3 {[%emt 0:11:57]} b5 {[%emt 0:00:50]} 17. Bg2 {[%emt 0:07:23]} Nb6 {[%emt 0:01:11]} 18. Rad1 {[%emt 0:15:58]} b4 {[%emt 0:03:29]} 19. Nb1 {[%emt 0:00:38]} Nc4+ {[%emt 0:00:32]} 20. Ke2 {[%emt 0:00:16]} Nxb2 {[%emt 0:00:18]} 21. Rd2 {[%emt 0:00:45]} a5 {[%emt 0:01:33]} 22. f3 {[%emt 0:00:25]} Ba6+ {[%emt 0:00:35]} 23. Kf2 Bc4 {[%emt 0:04:34]} 24. a3 {[%emt 0:00:42]} Ba2 {[%emt 0:01:00]} 25. axb4 {[%emt 0:00:19]} axb4 {[%emt 0:00:18]} 26. e4 {[%emt 0:00:57]} c4 {[%emt 0:04:10]} 27. fxg4 {[%emt 0:00:45]} c3 {[%emt 0:01:22]} 28. Re2 {[%emt 0:00:19]} fxg4 {[%emt 0:04:00]} 29. e5 {[%emt 0:00:32]} Nc4 {[%emt 0:00:45]} 30. exd6 {[%emt 0:02:35]} Bd4+ {[%emt 0:00:47]} 31. Ke1 {[%emt 0:01:14]} Nxd6 {[%emt 0:01:37]} 32. Nd2 {[%emt 0:00:43]} Bxd5 {[%emt 0:01:45]} 33. Nb3 {[%emt 0:01:15]} Bxg2 {[%emt 0:02:42]} 34. Rxg2 {[%emt 0:00:53]} e5 {[%emt 0:04:19]} 35. Bc1 {[%emt 0:00:20]} h5 {[%emt 0:04:43]} 36. Rf1 {[%emt 0:00:50]} Kd7 {[%emt 0:00:17]} 37. Ke2 {[%emt 0:03:58]} Rhf8 {[%emt 0:05:32]} 38. Rxf8 {[%emt 0:04:12]} Rxf8 {[%emt 0:00:01]} 39. Nxd4 {[%emt 0:00:16]} exd4 {[%emt 0:00:06]} 0-1